| 000 | 00371pab a2200145 454500 | ||
|---|---|---|---|
| 008 | 180718b1983 xxu||||| |||| 00| 0 eng d | ||
| 100 | _aSeshadri, C.V. | ||
| 245 | _aScience and technology for development | ||
| 260 | _c1983 | ||
| 300 | _a296-301 | ||
| 362 | _aMay-June | ||
| 650 | _aTechnology | ||
| 773 | _aMadras Development Seminar Series Bulletin | ||
| 909 | _a19137 | ||
| 999 |
_c19137 _d19137 |
||